Poesías de la señora Dª Antonia Diaz de Lamarque / (Record no. 48665)

MARC details
000 -LEADER
campo de control de longitud fija 00648nam a22001935i 4500
001 - NÚMERO DE CONTROL
campo de control 48665
003 - IDENTIFICADOR DE NÚMERO DE CONTROL
campo de control ES-MaACL
005 - FECHA Y HORA DE LA ÚLTIMA TRANSACCIÓN
campo de control 20230906161809.0
007 - CAMPO FIJO DE DESCRIPCIÓN FÍSICA--INFORMACIÓN GENERAL
campo de control de longitud fija t|
008 - DATOS DE LONGITUD FIJA--INFORMACIÓN GENERAL
campo de control de longitud fija 950728s1867 sp ||||1| spa d
040 ## - FUENTE DE CATALOGACIÓN
Centro catalogador/agencia de origen CAM
Lengua de catalogación spa
Centro/agencia transcriptor CAM
100 1# - ENTRADA PRINCIPAL--NOMBRE DE PERSONA
Nombre de persona Díaz de Lamarque, Antonia.
9 (RLIN) 44237
245 10 - MENCIÓN DEL TÍTULO
Título Poesías de la señora Dª Antonia Diaz de Lamarque /
Mención de responsabilidad, etc. [precedidas de un prólogo de José Fernández Espino].
260 ## - PUBLICACIÓN, DISTRIBUCIÓN, ETC.
Lugar de publicación, distribución, etc. Sevilla :
Nombre del editor, distribuidor, etc. [s.n.],
Fecha de publicación, distribución, etc. 1867 (
Fabricante Imp. Manuel P. Salvador)
300 ## - DESCRIPCIÓN FÍSICA
Extensión LXVII, 312 , [4] p., [1] h. de lám. ;
Dimensiones 21 cm.
505 8# - NOTA DE CONTENIDO CON FORMATO
Nota de contenido con formato Es el tomo 1
700 1# - ENTRADA AGREGADA--NOMBRE PERSONAL
Nombre de persona Fernández Espino, José.
9 (RLIN) 49764
852 ## - LOCALIZACIÓN
Ubicación ES-MaACL
Número de control de estantería G-7917
Holdings
Estatus retirado Estado de pérdida Estado de daño No para préstamo Colección Biblioteca de origen Biblioteca actual Ubicación en estantería Fecha de adquisición Fuente de adquisición Total de préstamos Signatura topográfica completa Código de barras Visto por última vez Precio de reemplazo Tipo de ítem Koha
        Libros del s. XIX Biblioteca del Ateneo de Madrid Biblioteca del Ateneo de Madrid Sala Pecera Planta 3 17/01/2008     G-7917 1051211 23/02/2023 23/02/2023 Libro impreso antiguo